=LDR 00000nam 2200000 4500 =001 INLIS000000000010452 =005 20130612102121 =008 ***********************************Ind** =035 ##$$0010-061300000010452 =041 ##$$a Ind =082 ##$$a 612.104 =090 ##$$a 612.104, Leh m =100 ##$$a LEHRER, Steven =245 ##$$a Memahami bunyi dan bising Jantung anak =260 ##$$a 1994 $b Jakarta =300 ##$$a 201 hlm, ilus, 23 cm =650 ##$$a Jantung Anak =850 ##$$a NBPNMAT